[Event "World Youth & Cadets Rapid Championships"]
[Site "Rhodes, Greece"]
[Date "2022.05.01"]
[Round "4.25"]
[White "Mansurov, Yusuf"]
[Black "Verbytski, Oleg"]
[Result "0-1"]
[TimeControl "10'/game & 5\"/move"]
[WhiteElo "1848"]
[BlackElo "1374"]

1. e4 {[%clk 00:10:09]} c5 {[%clk 00:10:09]} {[%emt 00:00:02]} 2. c3 {[%clk
00:10:13]} {[%emt 00:00:01]} Nf6 {[%clk 00:10:12]} 3. e5 {[%clk 00:10:18]}
{[%emt 00:00:03]} Nd5 {[%clk 00:10:15]} 4. d4 {[%clk 00:10:22]} {[%emt
00:00:02]} cxd4 {[%clk 00:10:15]} 5. cxd4 {[%clk 00:10:27]} {[%emt 00:00:06]}
e6 {[%clk 00:10:19]} 6. Nf3 {[%clk 00:10:30]} {[%emt 00:00:02]} Nc6 {[%clk
00:10:19]} 7. Bc4 {[%clk 00:10:34]} {[%emt 00:00:06]} Nb6 {[%emt 00:00:03]} 8.
Bb3 {[%clk 00:10:26]} {[%emt 00:00:12]} d6 {[%clk 00:10:25]} {[%emt 00:00:02]}
9. Qe2 {[%clk 00:10:26]} {[%emt 00:00:04]} Be7 {[%clk 00:10:29]} {[%emt
00:00:02]} 10. O-O {[%clk 00:10:26]} {[%emt 00:00:05]} O-O {[%clk 00:10:31]}
{[%emt 00:00:03]} 11. Nc3 {[%clk 00:10:13]} {[%emt 00:00:18]} a6 {[%clk
00:10:30]} {[%emt 00:00:06]} 12. a3 {[%clk 00:10:04]} {[%emt 00:00:14]} Qc7
{[%clk 00:10:17]} {[%emt 00:00:18]} 13. Bc2 {[%clk 00:09:52]} {[%emt 00:00:17]}
Bd7 {[%clk 00:10:03]} {[%emt 00:00:20]} 14. h4 {[%clk 00:09:10]} {[%emt
00:00:46]} dxe5 {[%clk 00:09:38]} {[%emt 00:00:29]} 15. dxe5 {[%clk 00:09:11]}
{[%emt 00:00:04]} Rac8 {[%clk 00:09:40]} {[%emt 00:00:04]} 16. Qe4 {[%clk
00:08:36]} {[%emt 00:00:40]} g6 {[%clk 00:09:43]} {[%emt 00:00:02]} 17. Bh6
{[%clk 00:08:33]} {[%emt 00:00:07]} Rfd8 {[%clk 00:09:46]} {[%emt 00:00:03]} 18.
h5 {[%clk 00:08:10]} {[%emt 00:00:28]} Na7 {[%clk 00:09:24]} {[%emt 00:00:27]}
19. hxg6 {[%clk 00:07:36]} {[%emt 00:00:39]} fxg6 {[%clk 00:09:26]} {[%emt
00:00:03]} 20. Qg4 {[%clk 00:07:17]} {[%emt 00:00:22]} Be8 {[%clk 00:09:22]}
{[%emt 00:00:10]} 21. Qxe6+ {[%clk 00:07:11]} {[%emt 00:00:12]} Bf7 {[%clk
00:09:25]} {[%emt 00:00:02]} 22. Qg4 {[%clk 00:07:09]} {[%emt 00:00:07]} Qc6
{[%clk 00:09:25]} {[%emt 00:00:05]} 23. Be4 {[%clk 00:06:16]} {[%emt 00:00:57]}
Qc4 {[%clk 00:09:03]} {[%emt 00:00:27]} 24. Qg3 {[%clk 00:06:02]} {[%emt
00:00:19]} Nc6 {[%clk 00:09:06]} {[%emt 00:00:02]} 25. Ng5 {[%clk 00:05:20]}
{[%emt 00:00:47]} Bxg5 {[%clk 00:08:45]} {[%emt 00:00:26]} 26. Bxg5 {[%clk
00:05:22]} {[%emt 00:00:03]} Re8 {[%clk 00:08:49]} 27. Bf6 {[%clk 00:05:23]}
{[%emt 00:00:05]} Nd7 {[%clk 00:08:52]} 28. Bd3 {[%clk 00:04:02]} {[%emt
00:01:27]} Qe6 {[%clk 00:08:01]} 29. f4 {[%clk 00:03:25]} {[%emt 00:01:38]}
Nxf6 30. exf6 Qxf6 {[%clk 00:07:56]} {[%emt 00:00:04]} 31. f5 {[%clk 00:03:24]}
{[%emt 00:00:10]} g5 {[%clk 00:07:51]} {[%emt 00:00:10]} 32. Rad1 {[%clk
00:03:05]} {[%emt 00:00:24]} h6 {[%clk 00:07:53]} {[%emt 00:00:03]} 33. Kh1
{[%clk 00:02:57]} {[%emt 00:00:13]} Qe5 {[%clk 00:07:00]} {[%emt 00:00:58]} 34.
Qf2 {[%clk 00:02:01]} {[%emt 00:01:01]} Rcd8 {[%clk 00:05:31]} {[%emt
00:01:34]} 35. Bb1 {[%clk 00:01:01]} {[%emt 00:01:05]} Rxd1 {[%clk 00:05:26]}
{[%emt 00:00:10]} 36. Rxd1 {[%clk 00:01:03]} {[%emt 00:00:03]} Bh5 {[%clk
00:04:43]} {[%emt 00:00:48]} 37. Rf1 {[%clk 00:00:53]} {[%emt 00:00:15]} Nd4
{[%clk 00:04:12]} {[%emt 00:00:36]} 38. f6 {[%clk 00:00:53]} {[%emt 00:00:05]}
Bf7 {[%clk 00:03:58]} {[%emt 00:00:19]} 39. Rd1 {[%clk 00:00:49]} {[%emt
00:00:09]} Nc6 {[%clk 00:03:42]} {[%emt 00:00:21]} 40. Rf1 {[%clk 00:00:34]}
{[%emt 00:00:20]} g4 {[%clk 00:03:12]} {[%emt 00:00:35]} 41. Qh4 {[%clk
00:00:21]} {[%emt 00:00:18]} h5 {[%clk 00:02:54]} {[%emt 00:00:24]} 42. Qf2
{[%clk 00:00:15]} {[%emt 00:00:11]} Qg5 {[%clk 00:02:47]} {[%emt 00:00:12]} 43.
Qc2 {[%clk 00:00:10]} {[%emt 00:00:09]} Qh6 {[%clk 00:02:25]} {[%emt 00:00:28]}
44. Ba2 {[%clk 00:00:09]} {[%emt 00:00:07]} Ne5 {[%clk 00:02:10]} {[%emt
00:00:20]} 45. Bxf7+ {[%clk 00:00:11]} {[%emt 00:00:03]} Nxf7 {[%clk 00:02:13]}
{[%emt 00:00:02]} 46. Qf2 {[%clk 00:00:13]} {[%emt 00:00:03]} Qg5 {[%clk
00:02:16]} {[%emt 00:00:02]} 47. Kg1 {[%clk 00:00:15]} {[%emt 00:00:03]} g3
{[%clk 00:01:58]} {[%emt 00:00:23]} 48. Qf5 {[%clk 00:00:10]} {[%emt 00:00:09]}
Re5 {[%clk 00:01:32]} {[%emt 00:00:31]} 49. Qxg5+ {[%clk 00:00:12]} {[%emt
00:00:03]} Rxg5 {[%clk 00:01:36]} {[%emt 00:00:01]} 50. Re1 {[%clk 00:00:14]}
{[%emt 00:00:04]} Re5 {[%clk 00:01:39]} {[%emt 00:00:02]} 51. Rd1 {[%clk
00:00:12]} {[%emt 00:00:07]} Kh7 {[%clk 00:01:39]} {[%emt 00:00:05]} 52. Kf1
{[%clk 00:00:13]} {[%emt 00:00:05]} Kg6 {[%clk 00:01:40]} {[%emt 00:00:03]} 53.
Rd2 {[%clk 00:00:14]} {[%emt 00:00:04]} Kxf6 {[%clk 00:01:39]} {[%emt
00:00:06]} 54. Ne2 {[%clk 00:00:18]} {[%emt 00:00:02]} h4 {[%clk 00:01:39]}
{[%emt 00:00:04]} 55. Rd4 {[%clk 00:00:21]} {[%emt 00:00:02]} Rf5+ {[%clk
00:01:41]} {[%emt 00:00:03]} 56. Ke1 {[%clk 00:00:25]} {[%emt 00:00:01]} Kg5
{[%clk 00:01:41]} {[%emt 00:00:05]} 57. Rd7 {[%clk 00:00:28]} {[%emt 00:00:02]}
b5 {[%clk 00:01:42]} {[%emt 00:00:04]} 58. Nd4 {[%clk 00:00:30]} {[%emt
00:00:03]} Rf6 {[%clk 00:01:28]} {[%emt 00:00:18]} 59. Ke2 {[%clk 00:00:31]}
{[%emt 00:00:04]} Ne5 {[%clk 00:01:29]} {[%emt 00:00:04]} 60. Rg7+ {[%clk
00:00:34]} {[%emt 00:00:01]} Ng6 {[%clk 00:01:33]} {[%emt 00:00:03]} 61. Nf3+
{[%clk 00:00:36]} {[%emt 00:00:02]} Kh6 {[%clk 00:01:32]} {[%emt 00:00:06]} 62.
Rd7 {[%clk 00:00:33]} {[%emt 00:00:09]} Nf4+ {[%clk 00:01:30]} {[%emt
00:00:06]} 63. Kf1 {[%clk 00:00:36]} {[%emt 00:00:02]} h3 {[%clk 00:01:30]}
{[%emt 00:00:05]} 64. gxh3 {[%clk 00:00:38]} {[%emt 00:00:02]} g2+ {[%clk
00:00:58]} {[%emt 00:00:38]} 65. Kg1 {[%clk 00:00:42]} Rg6 {[%clk 00:01:00]}
{[%emt 00:00:04]} 66. Re7 {[%clk 00:00:44]} {[%emt 00:00:03]} Nxh3+ {[%clk
00:00:59]} {[%emt 00:00:06]} 67. Kh2 {[%clk 00:00:46]} {[%emt 00:00:03]} g1=Q+
{[%emt 00:00:07]} 68. Nxg1 {[%clk 00:00:48]} {[%emt 00:00:02]} Nxg1 {[%clk
00:01:01]} {[%emt 00:00:02]} 69. Rd7 {[%clk 00:00:48]} {[%emt 00:00:05]} Nf3+
{[%clk 00:01:05]} {[%emt 00:00:01]} 70. Kh3 {[%clk 00:00:51]} {[%emt 00:00:02]}
Ng1+ {[%clk 00:01:03]} {[%emt 00:00:07]} 71. Kh2 {[%clk 00:00:54]} {[%emt
00:00:02]} Nf3+ {[%clk 00:01:08]} 72. Kh3 {[%clk 00:00:58]} Kg5 {[%clk
00:01:11]} {[%emt 00:00:01]} 73. Rd3 {[%clk 00:00:58]} {[%emt 00:00:04]} Kf4
{[%emt 00:00:03]} 74. a4 {[%clk 00:00:53]} {[%emt 00:00:09]} Rh6+ {[%clk
00:01:18]} {[%emt 00:00:02]} 75. Kg2 {[%clk 00:00:57]} Ne1+ {[%clk 00:01:23]}
{[%emt 00:00:02]} 0-1

[Event "World Youth & Cadets Rapid Championships"]
[Site "Rhodes, Greece"]
[Date "2022.05.01"]
[Round "4.26"]
[White "Przybys, Bruno"]
[Black "Gibala, Adam"]
[Result "1-0"]
[TimeControl "10'/game & 5\"/move"]
[WhiteElo "1330"]
[BlackElo "1603"]

1. e4 {[%clk 00:10:09]} c5 {[%clk 00:10:09]} {[%emt 00:00:02]} 2. Nf3 {[%clk
00:10:12]} {[%emt 00:00:02]} Nc6 {[%clk 00:10:13]} {[%emt 00:00:02]} 3. Bb5
{[%clk 00:10:15]} {[%emt 00:00:02]} Nf6 {[%clk 00:10:16]} {[%emt 00:00:02]} 4.
Bxc6 {[%clk 00:10:13]} {[%emt 00:00:06]} dxc6 {[%clk 00:10:20]} {[%emt
00:00:03]} 5. Nc3 {[%clk 00:10:14]} {[%emt 00:00:03]} g6 {[%clk 00:10:23]}
{[%emt 00:00:02]} 6. O-O {[%clk 00:10:17]} {[%emt 00:00:02]} Bg7 7. d4 {[%emt
00:00:02]} cxd4 {[%clk 00:10:22]} {[%emt 00:00:04]} 8. Nxd4 {[%emt 00:00:08]}
Nxe4 {[%clk 00:10:15]} {[%emt 00:00:08]} 9. Nxc6 {[%clk 00:09:39]} {[%emt
00:00:44]} Qxd1 {[%clk 00:10:18]} {[%emt 00:00:02]} 10. Rxd1 {[%clk 00:09:42]}
{[%emt 00:00:02]} Nxc3 {[%clk 00:10:23]} {[%emt 00:00:01]} 11. Rd8# {[%emt
00:00:16]} 1-0

[Event "World Youth & Cadets Rapid Championships"]
[Site "Rhodes, Greece"]
[Date "2022.05.01"]
[Round "4.27"]
[White "Kukushkin, Ivan"]
[Black "Safin, Safarullakhan"]
[Result "1-0"]
[TimeControl "10'/game & 5\"/move"]
[WhiteElo "1086"]
[BlackElo "1355"]

1. e4 {[%clk 00:10:09]} {[%emt 00:00:01]} e6 {[%clk 00:10:09]} {[%emt
00:00:01]} 2. d4 {[%clk 00:10:13]} {[%emt 00:00:01]} d5 {[%clk 00:10:11]}
{[%emt 00:00:03]} 3. exd5 {[%clk 00:10:16]} {[%emt 00:00:01]} exd5 {[%clk
00:10:13]} {[%emt 00:00:03]} 4. c4 {[%clk 00:10:20]} {[%emt 00:00:01]} c6
{[%clk 00:10:10]} {[%emt 00:00:08]} 5. Nc3 {[%clk 00:10:23]} {[%emt 00:00:02]}
Nf6 {[%clk 00:10:05]} {[%emt 00:00:10]} 6. Nf3 {[%clk 00:10:25]} {[%emt
00:00:02]} Bd6 {[%clk 00:10:03]} {[%emt 00:00:08]} 7. c5 {[%clk 00:10:28]}
{[%emt 00:00:01]} Bc7 {[%clk 00:10:04]} {[%emt 00:00:04]} 8. Be3 {[%clk
00:10:31]} {[%emt 00:00:03]} Bf5 {[%clk 00:09:57]} {[%emt 00:00:12]} 9. Bd3
{[%clk 00:10:33]} {[%emt 00:00:01]} Bxd3 {[%clk 00:09:58]} {[%emt 00:00:05]} 10.
Qxd3 {[%clk 00:10:35]} {[%emt 00:00:03]} Nbd7 {[%clk 00:09:52]} {[%emt
00:00:12]} 11. O-O {[%clk 00:10:33]} {[%emt 00:00:06]} O-O {[%clk 00:09:49]}
{[%emt 00:00:09]} 12. Bg5 {[%clk 00:10:35]} {[%emt 00:00:02]} h6 {[%clk
00:09:43]} {[%emt 00:00:11]} 13. Bh4 {[%clk 00:10:38]} {[%emt 00:00:02]} b6
{[%clk 00:09:32]} {[%emt 00:00:17]} 14. cxb6 {[%emt 00:00:06]} axb6 {[%clk
00:09:34]} {[%emt 00:00:01]} 15. a3 {[%clk 00:10:40]} {[%emt 00:00:04]} Qc8
{[%clk 00:09:28]} {[%emt 00:00:10]} 16. Rac1 {[%clk 00:10:41]} {[%emt
00:00:04]} c5 {[%clk 00:09:17]} {[%emt 00:00:17]} 17. Bxf6 {[%clk 00:10:40]}
{[%emt 00:00:06]} Nxf6 {[%clk 00:09:18]} {[%emt 00:00:03]} 18. dxc5 {[%clk
00:10:43]} {[%emt 00:00:03]} bxc5 {[%clk 00:09:04]} {[%emt 00:00:19]} 19. Nxd5
{[%clk 00:10:45]} {[%emt 00:00:03]} Nxd5 {[%clk 00:08:53]} {[%emt 00:00:16]} 20.
Qxd5 {[%clk 00:10:47]} {[%emt 00:00:02]} Ra5 {[%clk 00:08:41]} {[%emt
00:00:18]} 21. Rc3 {[%clk 00:10:46]} {[%emt 00:00:06]} Rd8 {[%clk 00:08:07]}
{[%emt 00:00:39]} 22. Qc4 {[%clk 00:10:37]} {[%emt 00:00:13]} Qf5 {[%clk
00:07:47]} {[%emt 00:00:26]} 23. b4 {[%clk 00:10:30]} {[%emt 00:00:11]} Raa8
{[%clk 00:07:28]} {[%emt 00:00:25]} 24. Qxc5 {[%clk 00:10:32]} {[%emt
00:00:04]} Qxc5 {[%clk 00:07:30]} {[%emt 00:00:03]} 25. Rxc5 {[%clk 00:10:35]}
{[%emt 00:00:01]} Bd6 {[%clk 00:07:29]} {[%emt 00:00:06]} 26. Rc3 {[%clk
00:10:35]} {[%emt 00:00:05]} Ra6 {[%clk 00:07:21]} {[%emt 00:00:12]} 27. Rfc1
{[%clk 00:10:32]} {[%emt 00:00:07]} Kh7 {[%clk 00:07:24]} {[%emt 00:00:04]} 28.
g3 {[%clk 00:10:21]} {[%emt 00:00:16]} Be7 {[%clk 00:06:55]} {[%emt 00:00:34]}
29. Rc7 {[%clk 00:10:20]} {[%emt 00:00:05]} Bf6 {[%clk 00:06:53]} {[%emt
00:00:08]} 30. Rxf7 {[%clk 00:10:02]} {[%emt 00:00:22]} Rxa3 {[%clk 00:06:46]}
{[%emt 00:00:13]} 31. Kg2 {[%clk 00:10:04]} {[%emt 00:00:03]} Rb3 {[%clk
00:06:32]} {[%emt 00:00:19]} 32. Rcc7 {[%clk 00:10:03]} {[%emt 00:00:06]} Kg8
{[%clk 00:06:27]} {[%emt 00:00:10]} 33. Rb7 {[%clk 00:09:58]} {[%emt 00:00:10]}
Rdd3 {[%clk 00:06:05]} {[%emt 00:00:27]} 34. Ng1 {[%clk 00:09:37]} {[%emt
00:00:25]} Rb2 {[%clk 00:05:58]} {[%emt 00:00:12]} 35. Rfd7 {[%clk 00:09:22]}
{[%emt 00:00:20]} Rc3 {[%clk 00:05:50]} {[%emt 00:00:14]} 36. b5 {[%clk
00:09:18]} {[%emt 00:00:08]} Rcc2 {[%clk 00:05:43]} {[%emt 00:00:13]} 37. Nh3
{[%clk 00:09:20]} {[%emt 00:00:03]} Rb4 {[%clk 00:05:29]} {[%emt 00:00:20]} 38.
Rb8+ {[%clk 00:09:19]} {[%emt 00:00:05]} Kh7 {[%clk 00:05:31]} {[%emt
00:00:03]} 39. b6 {[%clk 00:09:17]} {[%emt 00:00:06]} Be5 {[%clk 00:05:24]}
{[%emt 00:00:13]} 40. Re8 {[%clk 00:09:16]} {[%emt 00:00:06]} Bf6 {[%clk
00:05:14]} {[%emt 00:00:16]} 41. Re6 {[%clk 00:09:08]} {[%emt 00:00:13]} Kg8
{[%clk 00:04:58]} {[%emt 00:00:20]} 42. Nf4 {[%clk 00:08:52]} {[%emt 00:00:20]}
Bd4 {[%clk 00:04:43]} {[%emt 00:00:21]} 43. b7 {[%clk 00:08:26]} {[%emt
00:00:31]} Rcb2 {[%clk 00:04:32]} {[%emt 00:00:16]} 44. Rxd4 {[%clk 00:08:21]}
{[%emt 00:00:10]} Rxb7 {[%clk 00:04:14]} {[%emt 00:00:23]} 45. Red6 {[%clk
00:08:18]} {[%emt 00:00:08]} Rf7 {[%clk 00:04:07]} {[%emt 00:00:12]} 46. Rg6
{[%clk 00:08:01]} {[%emt 00:00:21]} Kh7 {[%clk 00:04:05]} {[%emt 00:00:08]} 47.
Rdd6 {[%clk 00:07:56]} {[%emt 00:00:10]} Rc2 {[%clk 00:03:57]} {[%emt
00:00:13]} 48. Rge6 {[%clk 00:07:51]} {[%emt 00:00:10]} Rb2 {[%clk 00:03:55]}
{[%emt 00:00:07]} 49. h4 {[%clk 00:07:46]} {[%emt 00:00:10]} Rc7 {[%clk
00:03:49]} {[%emt 00:00:11]} 50. Re2 {[%clk 00:07:40]} {[%emt 00:00:11]} Rb4
{[%clk 00:03:49]} {[%emt 00:00:05]} 51. Rd8 {[%clk 00:07:39]} {[%emt 00:00:06]}
Rf7 {[%clk 00:03:38]} {[%emt 00:00:16]} 52. Ree8 {[%clk 00:07:40]} {[%emt
00:00:04]} g5 {[%clk 00:03:40]} {[%emt 00:00:04]} 53. Rh8+ {[%clk 00:07:38]}
{[%emt 00:00:06]} Kg7 {[%clk 00:03:42]} {[%emt 00:00:02]} 54. Rdg8+ {[%clk
00:07:41]} {[%emt 00:00:03]} Kf6 {[%clk 00:03:45]} {[%emt 00:00:02]} 55. Nd5+
{[%clk 00:07:42]} {[%emt 00:00:04]} Ke6 {[%clk 00:03:49]} {[%emt 00:00:01]} 56.
Nxb4 {[%clk 00:07:45]} {[%emt 00:00:02]} gxh4 {[%clk 00:03:50]} {[%emt
00:00:03]} 57. Rxh6+ {[%clk 00:07:49]} {[%emt 00:00:01]} Ke7 {[%clk 00:03:52]}
{[%emt 00:00:04]} 58. Nc6+ {[%clk 00:07:51]} {[%emt 00:00:02]} Kd7 {[%clk
00:03:54]} {[%emt 00:00:03]} 59. Ne5+ {[%clk 00:07:55]} {[%emt 00:00:02]} Ke7
{[%clk 00:03:58]} {[%emt 00:00:01]} 60. Nxf7 {[%clk 00:07:54]} {[%emt
00:00:06]} Kxf7 {[%clk 00:04:00]} {[%emt 00:00:02]} 61. Rgg6 {[%clk 00:07:58]}
{[%emt 00:00:02]} hxg3 {[%clk 00:04:01]} {[%emt 00:00:04]} 62. fxg3 {[%clk
00:07:59]} {[%emt 00:00:03]} Ke7 {[%clk 00:04:04]} {[%emt 00:00:02]} 63. Ra6
{[%clk 00:08:01]} {[%emt 00:00:04]} Kf7 {[%clk 00:04:04]} {[%emt 00:00:05]} 64.
Rh7+ {[%clk 00:08:02]} {[%emt 00:00:04]} Kg8 {[%clk 00:04:07]} {[%emt
00:00:02]} 65. Rb7 {[%clk 00:08:06]} {[%emt 00:00:01]} Kf8 {[%clk 00:04:10]}
{[%emt 00:00:02]} 66. Ra8# {[%clk 00:08:11]} 1-0

[Event "World Youth & Cadets Rapid Championships"]
[Site "Rhodes, Greece"]
[Date "2022.05.01"]
[Round "4.28"]
[White "Ashwath, Kaushik"]
[Black "Zhauynbay, Alimzhan"]
[Result "1-0"]
[TimeControl "10'/game & 5\"/move"]
[WhiteElo "1283"]
[BlackElo "1172"]

1. e4 {[%clk 00:10:07]} {[%emt 00:00:02]} c6 {[%clk 00:10:09]} {[%emt
00:00:01]} 2. d4 {[%clk 00:10:10]} {[%emt 00:00:02]} d5 {[%clk 00:10:14]}
{[%emt 00:00:01]} 3. e5 {[%clk 00:10:13]} Bf5 {[%clk 00:10:18]} 4. h4 {[%clk
00:10:15]} {[%emt 00:00:04]} h5 {[%clk 00:10:22]} {[%emt 00:00:01]} 5. Bd3
{[%clk 00:10:15]} {[%emt 00:00:05]} Bxd3 {[%clk 00:10:25]} {[%emt 00:00:02]} 6.
Qxd3 {[%clk 00:10:16]} {[%emt 00:00:03]} Nd7 {[%clk 00:10:29]} {[%emt
00:00:02]} 7. e6 {[%clk 00:10:18]} {[%emt 00:00:03]} Ndf6 {[%clk 00:10:20]}
{[%emt 00:00:13]} 8. Nf3 {[%clk 00:10:06]} {[%emt 00:00:16]} Qd6 {[%clk
00:10:09]} {[%emt 00:00:15]} 9. exf7+ {[%clk 00:10:03]} {[%emt 00:00:10]} Kxf7
{[%clk 00:10:05]} {[%emt 00:00:09]} 10. Ng5+ {[%clk 00:09:57]} {[%emt
00:00:11]} Ke8 {[%clk 00:10:06]} {[%emt 00:00:05]} 11. Qg6+ {[%clk 00:09:31]}
{[%emt 00:00:31]} Kd7 {[%clk 00:10:10]} {[%emt 00:00:01]} 12. Nf7 {[%clk
00:08:44]} {[%emt 00:00:52]} Qe6+ {[%clk 00:10:14]} {[%emt 00:00:01]} 13. Be3
{[%clk 00:08:17]} {[%emt 00:00:31]} Rh7 {[%clk 00:10:16]} {[%emt 00:00:04]} 14.
Ng5 {[%clk 00:07:46]} {[%emt 00:00:34]} Qg4 {[%clk 00:10:11]} {[%emt 00:00:11]}
15. O-O {[%clk 00:06:46]} {[%emt 00:01:04]} Rh6 {[%clk 00:10:12]} {[%emt
00:00:05]} 16. Qf7 {[%clk 00:05:46]} {[%emt 00:01:05]} Nh7 {[%clk 00:09:48]}
{[%emt 00:00:30]} 17. Qxg8 {[%clk 00:05:25]} {[%emt 00:00:25]} Nxg5 {[%clk
00:09:36]} {[%emt 00:00:17]} 18. Bxg5 {[%clk 00:05:02]} {[%emt 00:00:28]} Re6
{[%clk 00:09:31]} {[%emt 00:00:11]} 19. Qf7 {[%clk 00:04:15]} {[%emt 00:00:51]}
Qxd4 {[%clk 00:09:16]} {[%emt 00:00:20]} 20. Nc3 {[%clk 00:04:10]} {[%emt
00:00:10]} g6 {[%clk 00:09:17]} {[%emt 00:00:04]} 21. Rad1 {[%emt 00:00:12]}
Qh8 {[%clk 00:09:10]} {[%emt 00:00:07]} 22. Rfe1 {[%clk 00:03:42]} {[%emt
00:00:32]} Re5 {[%clk 00:09:01]} {[%emt 00:00:12]} 23. Rxe5 {[%clk 00:03:41]}
{[%emt 00:00:08]} Qxe5 {[%clk 00:09:04]} {[%emt 00:00:01]} 24. Nxd5 {[%clk
00:03:36]} {[%emt 00:00:09]} Qe2 {[%clk 00:06:58]} {[%emt 00:02:11]} 25. Nc3+
{[%clk 00:03:33]} {[%emt 00:00:08]} Qxd1+ {[%clk 00:06:34]} {[%emt 00:00:30]}
26. Nxd1 {[%clk 00:03:35]} {[%emt 00:00:03]} Rd8 {[%clk 00:06:38]} {[%emt
00:00:01]} 27. Nc3 {[%clk 00:03:35]} {[%emt 00:00:05]} Kc8 {[%clk 00:06:37]}
{[%emt 00:00:04]} 28. Bxe7 {[%clk 00:03:36]} {[%emt 00:00:06]} Bxe7 {[%clk
00:06:38]} {[%emt 00:00:04]} 29. Qxe7 {[%clk 00:03:39]} {[%emt 00:00:02]} b5
{[%clk 00:06:42]} {[%emt 00:00:01]} 30. Qxa7 {[%clk 00:03:37]} {[%emt
00:00:07]} b4 {[%clk 00:06:45]} {[%emt 00:00:03]} 31. Qa6+ {[%clk 00:03:29]}
{[%emt 00:00:13]} Kc7 {[%clk 00:06:47]} {[%emt 00:00:02]} 32. Qa5+ {[%clk
00:03:32]} {[%emt 00:00:03]} Kd7 {[%clk 00:06:51]} {[%emt 00:00:01]} 33. Qxb4
{[%clk 00:03:33]} {[%emt 00:00:04]} Kc7 {[%clk 00:06:55]} {[%emt 00:00:01]} 34.
Qc5 {[%clk 00:03:33]} {[%emt 00:00:05]} Kb7 {[%clk 00:06:55]} {[%emt 00:00:04]}
35. Qe7+ {[%clk 00:03:35]} {[%emt 00:00:03]} Kc8 {[%clk 00:06:58]} {[%emt
00:00:02]} 36. Na4 {[%clk 00:03:38]} {[%emt 00:00:03]} Rd1+ {[%clk 00:07:00]}
{[%emt 00:00:03]} 37. Kh2 {[%clk 00:03:41]} {[%emt 00:00:01]} Rd2 {[%clk
00:06:56]} {[%emt 00:00:10]} 38. Nb6+ {[%clk 00:03:36]} {[%emt 00:00:10]} Kb8
{[%clk 00:06:58]} {[%emt 00:00:01]} 39. Qe8+ {[%clk 00:03:21]} {[%emt
00:00:21]} Kb7 {[%clk 00:07:02]} {[%emt 00:00:01]} 40. Nc4 {[%clk 00:03:17]}
{[%emt 00:00:10]} Rxc2 {[%clk 00:07:01]} {[%emt 00:00:04]} 41. Qd7+ {[%clk
00:03:20]} {[%emt 00:00:03]} Kb8 {[%clk 00:07:03]} {[%emt 00:00:02]} 42. Na5
{[%clk 00:03:15]} {[%emt 00:00:12]} Rxb2 {[%clk 00:07:01]} {[%emt 00:00:07]} 43.
Nxc6+ {[%clk 00:03:17]} {[%emt 00:00:03]} Ka8 {[%clk 00:07:05]} {[%emt
00:00:01]} 44. Qa7# {[%clk 00:03:18]} {[%emt 00:00:04]} 1-0

[Event "World Youth & Cadets Rapid Championships"]
[Site "Rhodes, Greece"]
[Date "2022.05.01"]
[Round "4.29"]
[White "Keshari, Krish"]
[Black "Modith, Aaroh Mutyalapati"]
[Result "0-1"]
[TimeControl "10'/game & 5\"/move"]
[WhiteElo "1214"]
[BlackElo "1598"]

1. e4 {[%clk 00:10:07]} {[%emt 00:00:03]} c5 {[%clk 00:10:10]} 2. Nf3 {[%clk
00:10:09]} {[%emt 00:00:02]} d6 {[%clk 00:10:14]} {[%emt 00:00:01]} 3. d4
{[%clk 00:10:13]} {[%emt 00:00:01]} cxd4 {[%clk 00:10:19]} 4. Nxd4 {[%clk
00:10:16]} {[%emt 00:00:01]} Nf6 {[%clk 00:10:23]} {[%emt 00:00:02]} 5. Nc3
{[%clk 00:10:19]} {[%emt 00:00:01]} g6 {[%clk 00:10:27]} {[%emt 00:00:01]} 6.
Be3 {[%clk 00:10:21]} {[%emt 00:00:02]} Bg7 {[%clk 00:10:32]} 7. f3 {[%clk
00:10:24]} {[%emt 00:00:03]} O-O {[%clk 00:10:34]} {[%emt 00:00:02]} 8. Qd2
{[%clk 00:10:28]} {[%emt 00:00:02]} Nc6 {[%clk 00:10:38]} {[%emt 00:00:01]} 9.
O-O-O {[%clk 00:10:30]} {[%emt 00:00:02]} d5 {[%clk 00:10:43]} {[%emt
00:00:02]} 10. exd5 {[%clk 00:10:32]} {[%emt 00:00:03]} Nxd5 {[%clk 00:10:47]}
{[%emt 00:00:01]} 11. Bc4 {[%clk 00:10:29]} {[%emt 00:00:06]} Nxe3 {[%clk
00:10:35]} {[%emt 00:00:17]} 12. Qxe3 {[%clk 00:10:27]} {[%emt 00:00:08]} Nxd4
{[%clk 00:10:13]} {[%emt 00:00:28]} 13. Ne2 {[%clk 00:10:24]} {[%emt 00:00:07]}
Nxe2+ {[%clk 00:10:11]} {[%emt 00:00:07]} 14. Qxe2 {[%clk 00:10:28]} {[%emt
00:00:02]} Qb6 {[%clk 00:10:14]} {[%emt 00:00:02]} 15. c3 {[%clk 00:10:30]}
{[%emt 00:00:02]} Bf5 {[%clk 00:10:13]} {[%emt 00:00:06]} 16. Qxe7 {[%clk
00:10:31]} {[%emt 00:00:02]} Bh6+ {[%clk 00:09:31]} {[%emt 00:00:48]} 17. Rd2
{[%clk 00:10:27]} {[%emt 00:00:10]} Bxd2+ {[%clk 00:09:33]} {[%emt 00:00:03]}
18. Kxd2 {[%clk 00:10:31]} {[%emt 00:00:01]} Qf2+ {[%clk 00:09:37]} {[%emt
00:00:02]} 19. Be2 {[%clk 00:10:31]} {[%emt 00:00:04]} Rad8+ {[%clk 00:09:42]}
20. Kc1 {[%clk 00:10:35]} {[%emt 00:00:01]} Rfe8 {[%clk 00:09:44]} {[%emt
00:00:03]} 21. Qc7 {[%clk 00:10:34]} {[%emt 00:00:06]} Qxe2 {[%clk 00:09:46]}
{[%emt 00:00:03]} 22. Qxb7 {[%clk 00:10:26]} {[%emt 00:00:13]} Qc2# {[%clk
00:09:49]} {[%emt 00:00:01]} 0-1